| LDR | 00000nam c2200205 c 4500 | |
|---|---|---|
| 001 | 000000889862 | |
| 005 | 20260410172438 | |
| 007 | ta | |
| 008 | 260406s2026 ggka b 001a kor | |
| 020 | ▼a 9791165879761▼g 94300 :▼c \21000 | |
| 020 | 1 | ▼a 9791165876906 (세트) |
| 040 | ▼a 211043▼c 211043▼d 211043 | |
| 082 | 04 | ▼a 304.2▼2 22 |
| 090 | ▼a 304.2▼b 이재준▼c 인 | |
| 245 | 00 | ▼a 인류세 비인간 혐오 /▼d 이재준 지음 |
| 260 | ▼a 파주 :▼b 보고사,▼c 2026 | |
| 300 | ▼a 273 p. :▼b 삽화 ;▼c 23 cm | |
| 490 | 10 | ▼a 숙명여자대학교 인문학연구소 HK+사업단 인문교양총서 ;▼v 2 |
| 500 | ▼a 참고문헌 및 찾아보기 수록 | |
| 536 | ▼a 이 저서는 2020년 대한민국 교육부와 한국연구재단의 지원을 받아 수행된 연구임 | |
| 700 | 1 | ▼a 이재준 |
| 830 | 0 | ▼a 숙명여자대학교 인문학연구소 HK+사업단 인문교양총서 ;▼v 2 |